Địa chí Hà Bắc /

Guardado en:
Detalles Bibliográficos
Autor principal: Thanh Đạm.
Formato: Artículo
Lenguaje:Vietnamese
Materias:
Etiquetas: Agregar Etiqueta
Sin Etiquetas, Sea el primero en etiquetar este registro!
Thư viện lưu trữ: Thư viện Trường Đại học Đà Lạt
LEADER 00733nam a2200265 4500
001 DLU090086752
005 ##20090927
040 # # |a DLU  |b vie 
041 # # |a vie 
044 # # |a vn 
100 # # |a Thanh Đạm.  
245 # # |a Địa chí Hà Bắc /  |c Thanh Đạm.  
653 # # |a Địa chí 
653 # # |a Địa lí hành chính 
653 # # |a Địa lí tự nhiên 
773 # # |t Nghiên cứu lịch sử  |g Số 5+6(236-237), 1987, tr. 105-108 
920 # # |a Phòng Tạp chí -- Trung tâm Thông tin - Thư viện Trường Đại học Đà Lạt 
994 # # |a DLU 
900 # # |a True 
911 # # |a Nguyễn Thị Linh Chi 
925 # # |a G 
926 # # |a A 
927 # # |a BB 
980 # # |a Thư viện Trường Đại học Đà Lạt